Statistics for Genesis Songs

Click here to take the quiz!

General Stats

  • This quiz has been taken 592 times
  • The average score is 54 of 158

Answer Stats

Answer% Correct
The Lamb Lies Down on Broadway
77%
Abacab
76%
Invisible Touch
76%
Supper's Ready
74%
I Can't Dance
70%
The Cinema Show
70%
Firth of Fifth
69%
The Knife
68%
Mama
67%
Carpet Crawl
66%
The Musical Box
66%
I Know What I Like (In your Wardrobe)
65%
Follow You Follow Me
62%
it.
59%
A Trick of the Tail
58%
Land of Confusion
58%
Dance on a Volcano
57%
Duchess
57%
That's All
57%
Turn It on Again
57%
Dancing With the Moonlit Knight
56%
Los Endos
56%
The Battle of Epping Forest
55%
Misunderstanding
54%
Ripples...
54%
Watcher of the Skies
54%
In the Cage
53%
Jesus He Knows Me
53%
Squonk
53%
Get 'em Out by Friday
51%
Home By the Sea
51%
Afterglow
50%
More Fool Me
50%
Calling All Stations
47%
Duke's Travels
47%
No Son of Mine
46%
Robbery, Assault and Battery
46%
Tonight, Tonight, Tonight
46%
Entangled
44%
Domino
43%
Duke's End
43%
Illegal Alien
43%
Second Home By the Sea
43%
Fly on a Windshield
42%
Harold the Barrel
41%
Horizons
41%
The Lamia
41%
Time Table
41%
Eleventh Earl of Mar
40%
Aisle of Plenty
39%
Blood on the Rooftops
39%
One for the Vine
39%
The Fountain of Salmacis
39%
The Return of the Giant Hogweed
39%
Back in N.Y.C.
38%
Behind the Lines
38%
Can-Utility and the Coastliners
38%
Counting Out Time
38%
Mad Man Moon
38%
The Brazilian
38%
The Light Dies Down on Broadway
38%
Wot Gorilla?
38%
Stagnation
37%
Your Own Special Way
37%
After the Ordeal
36%
Congo
36%
In Too Deep
36%
Lilywhite Lilith
36%
Looking for Someone
35%
Visions of Angels
35%
White Mountain
35%
Dusk
34%
Seven Stones
34%
The Chamber of 32 Doors
34%
The Colony of Slippermen
34%
Broadway Melody of 1974
33%
For Absent Friends
32%
Harlequin
32%
Throwing it All Away
32%
Hairless Heart
31%
Paperlate
31%
Riding the Scree
31%
Silver Rainbow
31%
Driving the Last Spike
30%
Guide Vocal
30%
... in that Quiet Earth
30%
In the Rapids
30%
The Grand Parade of Lifeless Packaging
30%
All in a Mouse's Night
29%
Anyway
29%
Cul-de-sac
29%
Many Too Many
29%
Me And Sarah Jane
29%
Undertow
29%
Burning Rope
28%
Hold On My Heart
28%
Man on the Corner
28%
Silent Sorrow in Empty Boats
28%
Who Dunnit?
28%
The Waiting Room
27%
Dodo/Lurker
26%
Keep It Dark
26%
Snowbound
26%
Anything She Does
25%
Deep in the Motherlode
25%
Heathaze
25%
Man of Our Times
25%
No Reply At All
25%
Ravine
25%
Fading Lights
24%
Here Comes the Supernatural Anaesthetist
24%
Just A Job To Do
24%
Silent Sun
24%
The Lady Lies
24%
Down and Out
22%
It's Gonna Get Better
22%
Please Don't Ask
22%
Taking it All Too Hard
22%
Unquiet Slumbers for the Sleepers...
22%
Ballad of Big
21%
Cuckoo Coccoon
21%
Pigeons
21%
Another Record
20%
Match of the Day
20%
Say It's Alright Joe
20%
Alone Tonight
19%
In the Beginning
19%
Scenes from a Night's Dream
19%
Dreaming While You Sleep
18%
Like it or Not
18%
The Serpent
18%
Am I Very Wrong?
16%
Where the Sour Turns to Sweet
16%
A Place to Call My Own
15%
Fireside Song
15%
Since I Lost You
15%
Tell Me Why
15%
Inside and Out
14%
Shipwrecked
14%
Way of the World
14%
Alien Afternoon
13%
Me and Virgil
13%
Living Forever
12%
Never A Time
12%
Not About Us
12%
One Man's Fool
12%
In the Wilderness
11%
If That's What You Need
10%
In Limbo
10%
Small Talk
10%
The Conqueror
9%
In Hiding
8%
One Day
8%
The Dividing Line
8%
There Must Be Some Other Way
8%
Window
8%
You Might Recall
8%
Uncertain Weather
7%

Score Distribution

Percentile by Number Answered

Percent of People with Each Score

Your Score History

You have not taken this quiz